| 000 | 00927 aa a2200229 4500 | ||
|---|---|---|---|
| 005 | 20120519123821.0 | ||
| 010 | _a | ||
| 020 |
_c300.00 _a8170551978 |
||
| 035 | _aB-102848 | ||
| 037 | _bpub | ||
| 082 | _a520 | ||
| 100 |
_aकोमोरोव, वी.एस. _947456 |
||
| 245 |
_a21वीं सदी का विज्ञान खगोल विज्ञान / _cवी.एस.कोमोरोव _b |
||
| 246 |
_a _b |
||
| 260 |
_aदिल्ली _bवाणी प्रकाशन _c2003 |
||
| 270 |
_a _bनई दिल्ली _e _k |
||
| 300 |
_a210पृ _c22 सेमी (सजिल्द) |
||
| 650 |
_aहिन्दी उपन्यास _947457 |
||
| 650 |
_aHindi Novel _947458 |
||
| 942 |
_adpl _cHN _k _2ddc _h520 _mकोमोरो |
||
| 999 |
_c66904 _d66904 |
||